Mapun Kimün: relaciones mapunche entre persona, tiempo y espacio
Bewaard in:
| Hoofdauteurs: | , |
|---|---|
| Formaat: | Boek |
| Taal: | Spaans |
| Gepubliceerd in: |
Santiago
Ocho Libros
2017
|
| Editie: | 1a. ed |
| Onderwerpen: | |
| Tags: |
Voeg label toe
Geen labels, Wees de eerste die dit record labelt!
|
MARC
| LEADER | 00000cam a2200000 a 4500 | ||
|---|---|---|---|
| 001 | UCC1342 | ||
| 003 | CL-VaPUC | ||
| 008 | 171020e20170000cl |||||||||||||||||spa|d | ||
| 020 | |a 9789563353327 | ||
| 082 | 0 | 4 | |a 498 |b BEC |2 21 |
| 100 | 0 | |a Becerra Parra, Rodrigo |e author |9 595416 | |
| 700 | 0 | |a Llanquinao Llanquinao, Gabriel |e author |9 595417 | |
| 245 | 1 | 0 | |a Mapun Kimün: relaciones mapunche entre persona, tiempo y espacio |
| 250 | |a 1a. ed | ||
| 300 | |a 298 p | ||
| 942 | |c BK | ||
| 945 | |d 20171020 15:16:00 |a arojas | ||
| 260 | |a Santiago |b Ocho Libros |c 2017 | ||
| 650 | 7 | |a LENGUA MAPUCHE |2 CL-VaPUC |9 510045 | |
| 650 | 0 | |a Mapuche |9 344248 | |
| 650 | 0 | |a Estudio y enseñanza |9 270395 | |
| 583 | |a last modification |c 20171020 15:16:00 |k Rodrigo Vera | ||
| 999 | |c 369880 |d 369878 | ||
| 952 | |0 0 |1 0 |3 erb |4 0 |6 498_000000000000000_BEC_2017 |7 0 |8 A |9 486029 |a BIBEDU |b BIBEDU |i 5429749 |o 498 BEC 2017 |p 5429749 |r 2019-11-24 |w 2019-11-24 |y BK |z Catalogado en:20171020 |k LIT | ||